Countries of the World ordered by Size - Statistics

General Stats
  • This quiz has been taken 41 times
  • The average score is 79 of 196
Answers on the Map
Answers color-coded by a green-red scale on the quiz's map according to % correct below.
 
Answer Stats
Answer % Correct
China
100%
Canada
100%
Russia
100%
United States
100%
Australia
96%
Brazil
96%
India
96%
Algeria
93%
Argentina
93%
Democratic Republic of the Congo
93%
Kazakhstan
93%
Saudi Arabia
89%
Mexico
79%
Angola
71%
Chad
71%
Indonesia
71%
Iran
71%
Libya
71%
Mongolia
71%
Niger
71%
Peru
71%
Sudan
71%
Bolivia
68%
Colombia
68%
Ethiopia
68%
Mali
68%
South Africa
68%
Egypt
54%
Namibia
50%
Pakistan
50%
Tanzania
50%
Turkey
50%
Afghanistan
46%
Central African Republic
46%
Chile
46%
France
46%
Mozambique
46%
Myanmar
46%
South Sudan
46%
Venezuela
46%
Zambia
46%
Belarus
43%
Botswana
43%
Burkina Faso
43%
Cambodia
43%
Cameroon
43%
Ecuador
43%
Finland
43%
Gabon
43%
Germany
43%
Ghana
43%
Guyana
43%
Iraq
43%
Italy
43%
Ivory Coast
43%
Japan
43%
Kenya
43%
Laos
43%
Madagascar
43%
Malaysia
43%
Morocco
43%
New Zealand
43%
Nigeria
43%
Norway
43%
Oman
43%
Papua New Guinea
43%
Paraguay
43%
Philippines
43%
Poland
43%
Republic of the Congo
43%
Somalia
43%
Spain
43%
Suriname
43%
Sweden
43%
Syria
43%
Thailand
43%
Turkmenistan
43%
Uganda
43%
Ukraine
43%
United Kingdom
43%
Uruguay
43%
Uzbekistan
43%
Vietnam
43%
Yemen
43%
Zimbabwe
43%
Guinea
39%
Kyrgyzstan
39%
Romania
39%
Senegal
39%
Tunisia
39%
Vatican City
39%
Bangladesh
36%
Monaco
36%
Nauru
36%
Portugal
36%
Austria
32%
Azerbaijan
32%
Benin
32%
Bhutan
32%
Bosnia and Herzegovina
32%
Costa Rica
32%
Cuba
32%
Denmark
32%
Dominican Republic
32%
Eritrea
32%
Georgia
32%
Guatemala
32%
Honduras
32%
Jordan
32%
Liberia
32%
Malawi
32%
Mauritania
32%
Nepal
32%
North Korea
32%
Panama
32%
Sierra Leone
32%
South Korea
32%
Sri Lanka
32%
Tajikistan
32%
Togo
32%
United Arab Emirates
32%
Armenia
29%
Belgium
29%
Bulgaria
29%
Comoros
29%
Croatia
29%
Czech Republic
29%
Dominica
29%
Estonia
29%
Federated States of Micronesia
29%
Greece
29%
Guinea-Bissau
29%
Hungary
29%
Iceland
29%
Ireland
29%
Kiribati
29%
Latvia
29%
Lesotho
29%
Liechtenstein
29%
Lithuania
29%
Malta
29%
Marshall Islands
29%
Mauritius
29%
Netherlands
29%
Nicaragua
29%
Saint Kitts and Nevis
29%
Saint Lucia
29%
Saint Vincent and the Grenadines
29%
Samoa
29%
San Marino
29%
São Tomé and Príncipe
29%
Serbia
29%
Seychelles
29%
Slovakia
29%
Switzerland
29%
Taiwan
29%
Tonga
29%
Tuvalu
29%
Albania
25%
Antigua and Barbuda
25%
Barbados
25%
Brunei
25%
Cyprus
25%
Grenada
25%
Lebanon
25%
Luxembourg
25%
Maldives
25%
Moldova
25%
Palau
25%
Vanuatu
25%
Bahrain
21%
Belize
21%
Burundi
21%
Djibouti
21%
El Salvador
21%
Equatorial Guinea
21%
Eswatini
21%
Fiji
21%
Gambia
21%
Haiti
21%
Israel
21%
Jamaica
21%
Kosovo
21%
Rwanda
21%
Singapore
21%
Timor-Leste
21%
Andorra
18%
Bahamas
18%
Kuwait
18%
Montenegro
18%
North Macedonia
18%
Qatar
18%
Slovenia
18%
Solomon Islands
18%
Trinidad and Tobago
14%
Cabo Verde
11%
No matching quizzes found
Score Distribution
Percent of People with Each Score
Percentile by Number Answered
Your Score History
You have not taken this quiz